| 000 -LEADER |
| fixed length control field |
00548cam a2200169 a 4500 |
| 020 ## - INTERNATIONAL STANDARD BOOK NUMBER |
| ISBN |
0521415993 (hc) |
| 040 ## - CATALOGING SOURCE |
| Transcribing agency |
DLC |
| 082 00 - DEWEY DECIMAL CLASSIFICATION NUMBER |
| Classification number |
355 CAM 1996 A089 Or. |
| 245 02 - TITLE STATEMENT |
| Title |
A military history of Ireland / |
| 260 ## - PUBLICATION, DISTRIBUTION, ETC. (IMPRINT) |
| Place of publication |
Cambridge ; |
| -- |
New York : |
| Name of publisher |
Cambridge University Press, |
| Year of publication |
1996. |
| 300 ## - PHYSICAL DESCRIPTION |
| Number of Pages |
xxv, 565 p. : |
| Other physical details |
ill., maps ; |
| Dimensions |
26 cm. |
| 700 1# - ADDED ENTRY--PERSONAL NAME |
| Personal name |
Bartlett, Thomas. |
| 700 1# - ADDED ENTRY--PERSONAL NAME |
| Personal name |
Jeffery, Keith. |
| 856 42 - ELECTRONIC LOCATION AND ACCESS |
| Uniform Resource Identifier |
http://www.loc.gov/catdir/description/cam026/95006124.html |
| 856 41 - ELECTRONIC LOCATION AND ACCESS |
| Uniform Resource Identifier |
http://www.loc.gov/catdir/toc/cam022/95006124.html |
| 942 ## - ADDED ENTRY ELEMENTS (KOHA) |
| Koha item type |
សៀវភៅភាសាអង់គ្លេស |
| 952 ## - LOCATION AND ITEM INFORMATION (KOHA) |
| Withdrawn status [LOCAL, KOHA] |
0 |